000 00434nam a2200157 i 4500
001 bg
100 1 _aROSIŃSKI, Witold.
245 0 _aMikrofalowa elektronika półprzewodnikowa /
_cWitold Rosiński, Edward Sędek, Zdzisław Wroński.
260 _aWarszawa,
_c1982.
700 1 _aSĘDEK, Edward.
700 1 _aWROŃSKI, Zdzisław.
040 _cBPK
041 _apol
942 _cKS
008 s pl f |000 0 pol
999 _c20458
_d20458
856 _uhttp://koha.tu.koszalin.pl/cgi-bin/koha/opac-detail.pl?biblionumber=20458
_yKatalog online BPK